000 00634nam a22001937a 4500
003 OSt
005 20260617155730.0
008 260617b |||||||| |||| 00| 0 eng d
020 _a0761988823
040 _cChuka University Library
050 _aLB 1631
_b.G7 2005
100 _aGregory, Gayle
_929892
245 _aDifferentiated literacy strategies
_bfor student growth and achievement in grades 7-12
260 _aCalifornia
_bCorwin Press
_c2005
300 _axviii 225 pages
_bIllustrated includes indexes
650 _aLanguage arts [secondary]
_911635
650 _aLanguage arts [middle school]
_928730
942 _2lcc
_cBK
_n0
999 _c24640
_d24640